Sports Quiz

Random Sports or NFL Quiz

NFL Quarterback by Picture (2011) Quiz Stats

Quiz Updated Nov 4, 2012

Challenge
Share
Tweet
Score 0/32 Timer 06:00
11 Plays Today
Number Quarterback % Correct
Eli Manning
97.5%
Drew Brees
93.3%
Aaron Rodgers
93.3%
Mark Sanchez
93.3%
Tim Tebow
92.2%
Matthew Stafford
90.7%
Michael Vick
90.6%
Tony Romo
89.2%
Cam Newton
89.2%
Tom Brady
88.2%
Joe Flacco
82.3%
Philip Rivers
82%
Carson Palmer
81.5%
Andy Dalton
81.5%
Ben Roethlisberger
81.1%
Jay Cutler
79.9%
Number Quarterback % Correct
Sam Bradford
77%
Matt Ryan
76.7%
Josh Freeman
75.5%
Matt Hasselbeck
75.3%
Matt Cassel
75%
Alex Smith
73%
Colt McCoy
66.7%
Matt Schaub
65.9%
Ryan Fitzpatrick
64.3%
Christian Ponder
63.1%
Rex Grossman
61.9%
Blaine Gabbert
59.8%
Kevin Kolb
59.6%
Tarvaris Jackson
57.7%
Curtis Painter
38.1%
Matt Moore
29.2%

You're not logged in!

Compare scores with friends on all Sporcle quizzes.
Join for Free
OR
Log In

You Might Also Like...

Show Comments

Extras

Top Quizzes Today


Score Distribution

Your Account Isn't Verified!

In order to create a playlist on Sporcle, you need to verify the email address you used during registration. Go to your Sporcle Settings to finish the process.

Report this User

Report this user for behavior that violates our Community Guidelines.

Details: